| Поле | Инд. | ПП | Название | Значение |
|---|---|---|---|---|
| Тип записи | a | |||
| Библиографический уровень | a | |||
| 001 | Контрольный номер | RU/IS/BASE/165063950 | ||
| 005 | Дата корректировки | 20240116094221.6 | ||
| 084 | a | Индекс другой классификации/Индекс ББК | 86.378.152; 63.3(2)-7 | |
| 090 | 00 | a | Полочн. индекс | 63.5(2=Рус) |
| x | Авторский знак | Р 893 | ||
| 097 | 00 | a | 230 | |
| 100 | 10 | a | Автор | Иникова С. А. |
| 245 | 00 | a | Заглавие | Русские секты |
| 650 | 04 | a | Основная рубрика | религиоведение |
| a | Основная рубрика | религия | ||
| 653 | 00 | a | Ключевые слова | адвентисты |
| a | Ключевые слова | баптисты | ||
| a | Ключевые слова | Бог | ||
| a | Ключевые слова | Ветхий Завет | ||
| a | Ключевые слова | догматика | ||
| a | Ключевые слова | духоборы | ||
| a | Ключевые слова | душа | ||
| a | Ключевые слова | ереси | ||
| a | Ключевые слова | женщины | ||
| a | Ключевые слова | история | ||
| a | Ключевые слова | мистические русские секты | ||
| a | Ключевые слова | молокане | ||
| a | Ключевые слова | Новый Завет | ||
| a | Ключевые слова | нравственные идеалы | ||
| a | Ключевые слова | обряды | ||
| a | Ключевые слова | пантеизм | ||
| a | Ключевые слова | прыгуны | ||
| a | Ключевые слова | пятидесятники | ||
| a | Ключевые слова | рационалистические русские секты | ||
| a | Ключевые слова | религиозный фольклор | ||
| a | Ключевые слова | ритуалы | ||
| a | Ключевые слова | Россия | ||
| a | Ключевые слова | русское сектантство | ||
| a | Ключевые слова | Святой Дух | ||
| a | Ключевые слова | скопчество | ||
| a | Ключевые слова | субботничество | ||
| a | Ключевые слова | толкование Библии | ||
| a | Ключевые слова | хлысты | ||
| a | Ключевые слова | христианские секты | ||
| a | Ключевые слова | христианство | ||
| a | Ключевые слова | человек | ||
| 773 | 00 | d | Дата издания источника | Москва, 1999 |
| g | Прочая информация | С. 722-740 | ||
| t | Заглавие источника | Русские | ||
| w | Контрольный № источника | RU/IS/BASE/102094566 | ||
| 901 | t | Тип документа | a |